|
|
|
|
| LEADER |
00000nam a22000007a 4500 |
| 005 |
2013071205365.0 |
| 007 |
cr|||| |||| |
| 008 |
130712t2010 mx |||||s|||| 00||0 spa d |
| 020 |
|
|
|a 978-607-402-205-6
|
| 035 |
|
|
|a 11433
|
| 040 |
|
|
|a vLex
|
| 090 |
|
|
|c 4453
|d 4453
|
| 100 |
1 |
|
|a Coria Sǹchez, Carlos M.
|
| 245 |
1 |
0 |
|a ℓngeles Mastretta y el feminismo en Mx̌ico
|h [Recurso electrn̤ico] /
|c Carlos M. Coria Sǹchez
|
| 256 |
|
|
|a Servicio en ln̕ea
|
| 260 |
|
|
|a Mx̌ico D.F:
|b Plaza y Valdš Editores,
|c 2010
|
| 300 |
|
|
|a 1 recurso electrn̤ico
|
| 506 |
1 |
|
|a Contenido solo disponible en los productos indicados
|d vLex Global
|d vLex Global (Academic Edition, excluding Law Schools)
|d vLex Global (U.S. Academic Edition, Law Schools)
|d vLex Global (U.S. Academic Edition, excluding Law Schools)
|d vLex Global (Academic Edition, Law Schools)
|
| 650 |
0 |
4 |
|a Feminismo
|z Mx̌ico
|
| 740 |
0 |
|
|a vLex Libros (Servicio en ln̕ea)
|
| 856 |
4 |
0 |
|u http://vlex.com/source/angeles-mastretta-feminismo-mexico-11433
|z Acceso restringido
|
| 942 |
|
|
|c BOOK
|
| 999 |
0 |
|
|a Feminism
|